000 00490nam a2200193Ia 4500
005 20250923144445.0
008 008 250917s9999 xx 000 0 eng d
037 _aTextual
040 _aDSWL
_beng
_cDSWL
041 _aeng
_2eng
084 _qDSWL
245 0 _aIncome redistribution & social policy
_cEd. by Alan T Peacock
260 _aLondon
_bJonathan Cape
_c1954
300 _a296p.
365 _aINR
_b25
925 _g25
942 _cTEXL
999 _c1439106
_d1439106